Óbuda on Electrical and Power Engineering (CANDO-EPE), International IEEE Conference and workshop in

書誌詳細
フォーマット: 電子媒体 図書
言語:English
出版事項: IEEE
主題:
オンライン・アクセス:Full text available on IEEE [2017-2023]
Off-campus access
Classic Catalogue: View this record in Classic Catalogue
LEADER 01226cam a2200193 a 4500
001 AALConferenceProceedingsIEEE017535
008 231005c9999 xx r poo 0 0eng d
040 |a BD-DhAAL  |c BD-DhAAL 
245 0 0 |h [electronic resource]  |a Óbuda on Electrical and Power Engineering (CANDO-EPE), International IEEE Conference and workshop in 
260 |b IEEE 
300 |a 1 online resource 
500 |a <strong>Off-Campus Access:</strong> Athens ID and Password Required 
500 |a <strong>On-Campus Access:</strong> No User ID or Password Required 
506 |a Electronic access restricted to authorized BRAC University faculty, staff and students 
538 |a Mode of access: Internet 
650 4 |a Communication, Networking and Broadcast Technologies; Computing and Processing; Engineering Profession; Nuclear Engineering; Photonics and Electrooptics; Power, Energy and Industry Applications 
655 7 |a Conference papers and proceedings.  |2 Library of Congress 
856 4 0 |z Full text available on IEEE [2017-2023]  |u https://ieeexplore.ieee.org/servlet/opac?punumber=1829424 
856 4 0 |z Off-campus access  |u https://go.openathens.net/redirector/bracu.ac.bd?url=https%3A%2F%2Fieeexplore.ieee.org%2Fservlet%2Fopac%3Fpunumber%3D1829424